000 00592nam a2200241 a 4500
001 0001-1140
003 ELIB.Books
008 150505 2010 eng
020 _a556961
035 _a(ELIB.Books)0001-1295
092 _a200
_bWea
100 _aWeaver, Horace R.
245 _aThe International Lesson Annual 1967
260 _aNashville
_bAbingdon Press
_c1966
300 _a448
_c23 Cm
500 _aLibrary
650 _aBible
856 _nKBTS: Library
_uKBTS: Elib
942 _2ddc
_cBK
990 _a1
998 _cbat
_e2015-05-05
999 _c11140
_d11140